000 00479nam a2200181Ia 4500
999 _c1662
_d1662
003 OSt
005 20200928112945.0
008 190216s9999||||xx |||||||||||||| ||und||
020 _a8171417884
040 _coclc
082 _a582.13
_bPOO/A
100 _aPooja
_95058
245 0 _aAngiosperms /
_cPooja
260 _bDiscovery Publishing House,
_aDelhi:
_c2004.
300 _a399p
650 _aBotany
942 _cBK
_2ddc
_h582.13
_iPOO/A
_k582.13
_mPOO/A